LEADER 01133nam a2200289 a 4500 001 000000150215 003 CaOOAMICUS 005 20160309114459.0 008 160309s1972 it u000 u ita r 032 $aLibriCat 040 $aPUL$bita 041 1 $aita$hfre 100 1 $aLanne, Emmanuel,$cO.S.B.,$d1923-2010.$0(OLS)http://pul/name/24947 240 10$aEglise locale et l'Eglise universelle.$lItaliano.$0(OLS)http://pul/title/189307 245 13$aLa chiesa locale /$cEmmanuel Lanne, Jean-Jacques von Allmen. 260 $aRoma :$bA.V.E.,$c©1972. 300 $a115 p. ;$c19 cm. 490 1 $aMinima ;$v75 650 4$aChiesa$xStudi.$0(OLS)http://pul/subject/38784 700 1 $aAllmen, Jean-Jacques von.$0(OLS)http://pul/name/19907 830 0$aMinima (A.V.E.) ;$v75.$0(OLS)http://pul/title/9083 850 $aPUL 852 $aPUL$W1$xDP1 Fondo Bordoni$y120$m3 L 100$j172809$qFondi$B174719$CPULBib$Z2$F174719 $HBor1537 $81 941 1 $a1 996 $6245$aLa chiesa locale$9(OLS)http://pul/title/182443 996 $6260$aRoma :$bA.V.E.$9(OLS)http://pul/publisher/47979 LEADER 01560nam a2200361 a 4500 001 000000173517 003 CaOOAMICUS 005 20200529112447.0 008 200529m2019 it u001 u ita r 020 $a978-88-311-1222-2* 032 $aLibriCat 040 $aPUL$bita 082 04$a248 100 0 $aFranciscus Salesius,$cs.,$d1567-1622.$0(OLS)http://pul/name/21121 245 13$aLe controversie /$cFrancesco di Sales ; introduzione e cura di Giuseppe Gioia. 260 $aRoma :$bCittà Nuova,$c©2019. 300 $a403 ;$c24 cm 490 1 $aOpere complete di Francesco di Sales ;$v1 500 $aInclude indici. 504 $aRiferimenti bibliografici in nota. 700 1 $aGioia, Giuseppe.$0(OLS)http://pul/name/59086 800 0 $aFranciscus Salesius,$cs.,$d1567-1622.$tOpere ;$v1.$0(OLS)http://pul/nameTitle/909$0(OLS)http://pul/name/21121$0(OLS)http://pul/title/5258 830 0$aOpere complete di Francesco di Sales ;$v1.$0(OLS)http://pul/title/207865 850 $aPUL 852 $aPUL$W1$xSL Religione 3$y85$m248 FRASA 1.1$j197509$qDDC 21$B202294$CPULBib$Z2$F202294 $H134126 $82 900 $aFrancesco di Sales,$cs.$d1567-1622$921121 900 $aFrancesco di Sales,$cs.$d1567-1622$921121 941 1 $a9 996 $6020$a978-88-311-1222-2*$9(OLS)http://pul/number/167517 996 $6082$a248$9(OLS)http://pul/classification/457 996 $6245$aLe controversie$9(OLS)http://pul/title/214696 996 $6260$aRoma :$bCittà Nuova$9(OLS)http://pul/publisher/47927